000 01780nam a2200349 i 4500
001 16856625
003 EG-ScBUE
005 20230406115624.0
008 110705t2012 njua f 001 0 eng d
020 _a9780470648858 (pbk.)
040 _aDLC
_beng
_erda
_cDLC
_dDLC
_dEG-ScBUE
082 0 4 _a720.3
_222
_bCHI
100 1 _aChing, Francis D. K.,
_d1943-
_eauthor.
245 1 2 _aA visual dictionary of architecture /
_cFrancis D. K. Ching.
250 _aSecond edition.
264 1 _aHoboken, New Jersey :
_bJohn Wiley & Sons, Inc.,
_c[2012]
264 4 _cc2012
300 _aviii, 328 pages :
_billustrations ;
_c31 cm
336 _2rdacontent
_atext
_btxt
337 _2rdamedia
_aunmediated
_bn
338 _2rdacarrier
_avolume
_bnc
500 _aIncludes index.
520 _a"Over 66 basic aspects of architecture are comprehensively covered with over 5,000 words in a visual context, to help visual thinkers clarify meanings. Comprehensive index permits the reader to locate any important word in the text. Oversized pages help present complicated material in easy-to-comprehend spreads. - Written by one of the most famous architectural authors --Frank Ching's name alone is a key selling feature for this book--he has earned the respect and trust of designers, design educators, and students around the world"--
_cProvided by publisher.
650 7 _aArchitecture
_vDictionaries.
_2BUEsh
650 7 _aPicture dictionaries, English.
_2BUEsh
653 _bART
_cApril2023
655 _vReading book
856 4 2 _3Cover image
_uhttp://catalogimages.wiley.com/images/db/jimages/9780470648858.jpg
906 _a7
_bcbc
_corignew
_d1
_eecip
_f20
_gy-gencatlg
942 _2ddc
_cBB
999 _c30290
_d30261